000 00989nam a2200301 i 4500
001 68873
003 ES-MaACL
005 20250827062612.0
007 t|
008 040715s2004 sp ||||0| spa d
020 _a84-340-1509-9
040 _aM-BN
_bspa
_cM-BN
080 _a35(460).077.3"19"(094.5)
080 _a35(460)"19"(094.5)
110 1 _aEspaña
_93622
245 1 0 _aRégimen jurídico de las administraciones públicas y del procedimiento administrativo común.
250 _a14ª ed.
260 _aMadrid :
_bBoletín Oficial del Estado,
_c2004.
300 _a594 p ;
_c20 cm.
490 1 _aTextos legales ;
_v88
500 _aIndice.
500 _a"14ª edición actualizada a marzo de 2004"--Cub.
650 4 _aProcedimiento administrativo-
_zEspaña-
_vLegislación.
_916418
651 4 _aEspaña-
_xAdministración-
_vLegislación.
_9183235
830 0 _aTextos legales ;
_v88
_9178122
852 _aES-MaACL
_jL-28090
_bR.134027
999 _c68873
_d68873